Statistiques concernant Autour du Judo aux JO

Cliquez ici pour prendre le quiz!

Statistiques générales

  • Ce quiz a été pris 19 fois
  • Le résultat moyen est 41 sur 83

Statistiques - réponses

HintRéponse% Correct
Citez un pays ayant remporté au moins5 médailles d'orCorée-du-Sud | Chine | Cuba | URSS | Russie | Allemagne
94%
Citez un pays ayant remporté au moins10 médailles d'argentCorée-du-Sud | France | Cuba
94%
Citez un pays ayant remporté au moins20 médailles de bronzeFrance | Japon | Allemagne
94%
GénéralitésLe 2e pays ayant envoyé le plus de judokas, 120, (H + F) aux JO est le/la/les/l'Japon
94%
Citez un pays ayant remporté au moins30 médailles d'orJapon
94%
Citez un pays ayant remporté au moins20 médailles d'argentJapon
94%
GénéralitésEn 2016,combien de nations étaient représentées ? 46 / 89 ou 138138
88%
GénéralitésEn 1964, combien de nations étaient représentées ? 27 / 46 ou 9327
88%
GénéralitésUn autre judoka a obtenu 3 titres dont un par équipe, il est de nationalitéfrançaise
88%
GénéralitésLe seul judoka triple champion olympique est de nationalitéjaponaise
88%
Les médaillés françaisLourds en 2012Teddy {Riner}
88%
Les médaillés françaisLourds en 2016Teddy {Riner}
88%
Les médaillés françaisLourds en 2020Teddy {Riner}
88%
Les médaillés françaisPar équipe 2020Teddy {Riner}
88%
Les médaillés françaisLourds en 1992David {Douillet}
81%
Les médaillés françaisLourds en 2000David {Douillet}
81%
Les médaillés françaisLourds en 1996David {Douillet}
81%
GénéralitésLe pays ayant envoyé le plus de judokas, 124, (H + F) aux JO est le/la/les/l'France
81%
Citez un pays ayant remporté au moins15 médailles d'orFrance
81%
Citez un pays ayant remporté au moins15 médailles de bronzeCorée-du-Sud | Pays-Bas | Brésil | Cuba
75%
Les médaillées françaisesPar équipe 2020Amandine {Buchard}
69%
Les médaillées françaisesMi-légers 2020Amandine {Buchard}
69%
Les médaillées françaisesMoyens 2012Lucie {Décosse}
69%
Les médaillées françaisesMi-moyens 2008Lucie {Décosse}
69%
Les médaillées françaisesPar équipe 2020Romane {Dicko}
69%
Les médaillées françaisesLourds 2020Romane {Dicko}
69%
Les médaillées françaisesLégers 2020Sarah-Léonie {Cysique}
69%
Les médaillées françaisesPar équipe 2020Sarah-Léonie {Cysique}
69%
Citez un pays ayant remporté au moins5 médailles d'argentURSS | Géorgie | Allemagne
69%
GénéralitésDe nos jours, il existe (...) épreuves15
63%
GénéralitésLes femmes ont pu prendre part aux épreuves à partir de1992
63%
Les médaillées françaisesMi-lourds 2016Audrey {Tcheuméo}
63%
Les médaillées françaisesMi-lourds 2012Audrey {Tcheuméo}
63%
Les médaillées françaisesMi-moyens 2016Clarisse {Agbegnenou}
63%
Les médaillées françaisesPar équipe 2020Clarisse {Agbegnenou}
63%
Les médaillées françaisesMi-moyens 2020Clarisse {Agbegnenou}
63%
Les médaillés françaisMi-légers en 2000Larbi {Benboudaoud}
63%
Les médaillés françaisSuper-légers en 2020Luka {Mkheidze}
63%
Les médaillées françaisesMi-lourds 2020Madeleine {Malonga}
63%
Les médaillées françaisesPar équipe 2020Madeleine {Malonga}
63%
Les médaillées françaisesPar équipe 2020Margaux {Pinot}
63%
Les médaillés françaisPar équipe 2020Alexandre {Iddir}
56%
Les médaillés françaisMi-lourds en 2016Cyrille {Maret}
56%
Les médaillés françaisPar équipe 2020Guillaume {Chaine}
56%
Les médaillés françaisPar équipe 2020Kilian {Le Blouch}
56%
GénéralitésLe judo est apparu aux JO en1964
50%
Les médaillées françaisesLourds 2016Emilie {Andéol}
50%
Les médaillées françaisesMi-légers 2012Priscilla {Gneto}
50%
Citez un pays ayant remporté au moins10 médailles de bronzeURSS | Royaume-Uni
50%
GénéralitésLe 3e pays ayant envoyé le plus de judokas, 114, (H + F) aux JO est le/la/les/l'Brésil
44%
Les médaillées françaisesMi-moyens 2012Gévrisse {Emane}
44%
Les médaillés françaisPar équipe 2020Axel {Clerget]
38%
Les médaillés françaisPoids légers en 2012Ugo {Legrand}
38%
Les médaillées françaisesLégers 2012Automne {Pavia}
31%
Les médaillées françaisesSuper-légers 1992Cécile {Nowak}
31%
Les médaillés françaisMi-moyens en 1984Michel {Nowak}
31%
Les médaillés françaisSuper-légers en 1980Thierry {Rey}
31%
Les médaillés françaisMi-légers en 2008Benjamin {Darbelet}
25%
Les médaillés françaisMi-moyens en 1984Djamel {Bouras}
25%
Les médaillés françaisLourds en 1980Angelo {Parisi}
19%
Les médaillés françaisLourds en 1984Angelo {Parisi}
19%
Les médaillés françaisSans limite de poids en 1980Angelo {Parisi}
19%
Les médaillés françaisMi-légers en 1984Marc {Alexandre}
19%
Les médaillés françaisPoids légers en 1988Marc {Alexandre}
19%
Les médaillées françaisesMi-moyens 1992Catherine {Fleury}
13%
Les médaillées françaisesMi-lourds 2000Céline {Lebrun}
13%
Les médaillées françaisesSuper-légers 2004Frédérique {Jossinet}
13%
Les médaillés françaisMoyens en 1972Jean-Paul {Coche}
13%
Les médaillées françaisesMi-légers 1996Marie-Claire {Restoux}
13%
Les médaillées françaisesLourds 1992Natalina {Lupino}
13%
Les médaillés françaisMi-lourds en 1996Stéphane {Traineau}
13%
Les médaillés françaisMi-lourds en 2000Stéphane {Traineau}
13%
Les médaillées françaisesMi-lourds 2008Stéphanie {Possamaï}
13%
Les médaillés françaisMi-moyens en 1980Bernard {Tchoullouyan}
6%
Les médaillés françaisMi-moyens en 1992Bertrand {Damaisin}
6%
Les médaillés françaisMi-légers en 1988Bruno {Carabetta}
6%
Les médaillées françaisesLourds 1996Christine {Cicot}
6%
Les médaillés françaisPoids légers en 1996Christophe {Gagliano}
6%
Les médaillés françaisPoids légers en 1972Jean-Jacques {Mounier}
6%
Les médaillées françaisesMi-lourds 1992Laetitia {Meignan}
6%
Les médaillés françaisMoyens en 1992Pascal {Tayot}
6%
Les médaillés françaisMi-moyens en 1976Patrick {Vial}
6%
Les médaillées françaisesMi-moyens 2000Séverine {Vandenhende}
6%

Distribution des résultats

Percentile par nombre de réponses

% des personnes avec chaque résultat

Votre développement - résultats

Vous n’avez pas pris ce quiz